000
00275nam a22001337a 4500
008
170418b xxu||||| |||| 00| 0 eng d
020
_a
042799361351
041
_a
eng
080
_a
612.39
100
_a
10
101
_a
SHM
245
_a
HEALTHY RECIPES
942
_2
udc
_c
BK
999
_c
10887
_d
10887